000 00992cab a2200229 4500
001 X90263
008 090401t1998 xxu||||| |||| 00| 0 eng d
035 _a(Sirsi) u84722
041 _aeng
245 _aWalker and others v Standard Chartered Bank and others
260 _c1998
350 _a0
490 _aNew Property Cases
_v[1998] NPC 29(3)
520 _aChD 27 February 1998. An attempt by beneficiaries to amend pleadings for knowing assistance, to conform with the requirements of the Royal Brunei Airlines case, fails, as does an attempt to characterise a lawful exercise of influence as vitiating duress. The court refuses to accept that there is a common law tort of procurement of breach of trust. HEADNOTE FROM JOURNAL - DO NOT PHOTOCOPY.
650 _aProcurement-old
650 _aTORT
650 _aTRUSTS
650 _aWALKER AND OTHERS V STANDARD CHARTERED BANK AND OTHERS
690 _aPROPERTY LAW AND PRACTICE-CASE LAW
942 _n0
948 _c06/03/1998
999 _c53279
_d53279